| 000 | 00000nam##2200000za#4500 |
| 001 | 9.643295 |
| 003 | CaOODSP |
| 005 | 20210624224113 |
| 007 | cr ||||||||||| |
| 008 | 150407|1913||||xxc|||||o f|0| 0 fre|d |
| 040 | |aCaOODSP|bfre |
| 043 | |an-cn--- |
| 086 | 1 |aA22-583/1913F-PDF |
| 110 | 1 |aCanada.|bAgriculture Canada. |bFermes expérimentales fédérales. |
| 245 | 10|aGuide des fermes et stations expérimentales |h[ressource électronique] |
| 246 | 1 |aFermes expérimentales fédérales |
| 260 | |aOttawa - Ontario : |bAgriculture Canada. |c1913. |
| 300 | |a186p.|bcartes, photographies |
| 500 | |aPublication historique numérisée par Agriculture et Agroalimentaire Canada. |
| 590 | |a14-11-Supp|b2014-05-21 |
| 691 | 07|aBétail|2gcpds |
| 691 | 07|aCultures|2gcpds |
| 691 | 07|aAgriculture|2gcpds |
| 691 | 07|aExploitation agricole|2gcpds |
| 775 | 08|tA guide to the experimental farms and stations |w(CaOODSP)9.699310 |
| 856 | 40|ahttp://publications.gc.ca|qPDF|s43.8 Mo|uhttps://publications.gc.ca/collections/collection_2014/aac-aafc/agrhist/A22-583-1913-fra.pdf |